00284nam a2200073 4500008004100000040005500041245008000096260003400176240903b |||||||| |||| 00| 0 eng d aNational Science LibrarycNational Science Library aAnnual report: bSchool of research and training in earthquake engineering  aU.P.: bUniversity of Roorkee